| 000 | 01239pam a2200313 a 4500 | ||
|---|---|---|---|
| 999 |
_c22337 _d22337 |
||
| 001 | 2451752 | ||
| 005 | 20170124080644.0 | ||
| 008 | 890405s1989 cauaf b 001 0 eng | ||
| 010 | _a 89004561 | ||
| 020 |
_a087477523X : _c$22.95 |
||
| 020 |
_a0874775132 (pbk.) : _c$12.95 |
||
| 040 |
_aDLC _cDLC _dDLC |
||
| 050 | 0 | 0 |
_aNC730 _b.E34 1989 |
| 100 | 1 |
_aEdwards, Betty, _d1926- |
|
| 245 | 1 | 0 |
_aDrawing on the right side of the brain : _ba course in enhancing creativity and artistic confidence / _cBetty Edwards. |
| 250 | _aRev. ed. | ||
| 260 |
_aLos Angeles : _bJ.P. Tarcher ; _aNew York : _bDistributed by St. Martin's Press, _cc1989. |
||
| 300 |
_axiv, 254 p., [12] p. of plates : _bill. (some col.) ; _c24 cm. |
||
| 500 | _aIncludes index. | ||
| 504 | _aIncludes bibliographical references (p. 247-250) | ||
| 650 | 0 |
_aDrawing _xTechnique. |
|
| 650 | 0 | _aVisual perception. | |
| 650 | 0 | _aCerebral dominance. | |
| 856 | 4 | 2 |
_3Contributor biographical information _uhttp://www.loc.gov/catdir/enhancements/fy1209/89004561-b.html |
| 942 |
_2lcc _cBOOKS _hNC730 .E34 1989 |
||